000 00467nam a2200193Ia 4500
005 20240823045431.0
008 240823s9999||||xx |||||||||||||| ||und||
020 _a81-8209-095-4
041 _aENGLISH
082 _A070.4 P5
100 _aNarasimha Rao P V L
245 0 _aIndian English in Journalism
250 _aI
260 _c2005
_bVijay Nicole Imprints Private Li
500 _aYES
650 _aJournalism
_bGeneral
942 _cBK
999 _c214948
_d214948